El gaucho Martín Fierro
Saved in:
| 主要作者: | |
|---|---|
| 格式: | 圖書 |
| 語言: | 西班牙语 |
| 出版: |
Buenos Aires
Sopena
1950
|
| 版: | 5a. ed |
| 叢編: | Biblioteca Mundial Sopena
|
| 主題: | |
| 標簽: |
添加標簽
沒有標簽, 成為第一個標記此記錄!
|
MARC
| LEADER | 00000nam a2200000 a 4500 | ||
|---|---|---|---|
| 001 | UCZ3398 | ||
| 003 | CL-VaPUC | ||
| 008 | 951020e19500700AG |||||||||||||||||spa|d | ||
| 082 | 0 | 4 | |a Ar861 |b HER |2 21 |
| 100 | 0 | |a Hernández, José |e author |9 313851 | |
| 245 | 1 | 3 | |a El gaucho Martín Fierro |
| 246 | 1 | 3 | |a La vuelta de Martín Fierro |
| 250 | |a 5a. ed | ||
| 300 | |a 156 p | ||
| 942 | |c BK | ||
| 945 | |d 19951020 00:00:00 |a cmena | ||
| 260 | |a Buenos Aires |b Sopena |c 1950 | ||
| 650 | 0 | |a Poesía argentina |9 265575 | |
| 650 | 0 | |a Poesía épica |9 269163 | |
| 650 | 0 | |a Literatura argentina |9 320596 | |
| 583 | |a last modification |c 19951020 00:00:00 |k Rodrigo Vera | ||
| 490 | 0 | |a Biblioteca Mundial Sopena | |
| 999 | |c 239878 |d 239876 | ||
| 952 | |0 0 |1 0 |4 0 |6 AR_861_000000000000000_HER_1950 |7 0 |8 R |9 251337 |a BIBEDU |b BIBEDU |c MCIRC |d 2019-11-18 |i 1587498 |o Ar861 HER 1950 |p 1587498 |r 2023-01-13 |w 2019-11-18 |y BK_R |k FIL | ||